| 000 | 00505nam a2200193Ia 4500 | ||
|---|---|---|---|
| 003 | GCL | ||
| 008 | 140319s9999 xx 000 0 eng d | ||
| 040 |
_aGCL / _cGCL |
||
| 082 | 0 | 4 |
_a720.92 _bG A |
| 100 | 1 | _aGREENBERG, ALLAN | |
| 245 | 1 | 0 |
_aALLAN GREANBERG: SELECTED WORKS / _cGREENBERG, ALLAN |
| 260 |
_a[S.N] : _bACADEMY EDITIONS ، _c1995 |
||
| 300 | _a127 P | ||
| 650 | 0 | 4 | _aARTS |
| 650 | 0 | 4 | _aARCHITECTURE |
| 650 | 0 | 4 | _aARCHITECTS - BIOGRAPHIES |
| 650 | 0 | 4 | _aGREENBERG, ALLAN |
| 942 |
_2ddc _cBK |
||
| 999 |
_c16319 _d16319 |
||